Statistiques concernant Pseudonymes de duos

Cliquez ici pour prendre le quiz!

Statistiques générales

  • Ce quiz a été pris 106 fois
  • Le résultat moyen est 5 sur 15

Statistiques - réponses

Vrais nomsPseudonymes% Correct
Catherine Ringer et Frédéric ChichinLes Rita Mitsouko
72%
David Marsais et Grégoire LudigPalmashow
65%
Florian Ordonez et Olivio OrdonezBigflo & Oli
54%
Thomas Bangalter et Guy-Manuel de Homem-ChristoDaft Punk
53%
Kevin Tran et Henry TranLe Rire Jaune
47%
Eric Carrière et Francis GinibreLes Chevaliers du Fiel
47%
David Coscas et Raphaël CarlierMcFly et Carlito
45%
Frédéric Molas et Sébastien RassiatJoueur du Grenier
31%
Aurélien Cotentin et Guillaume TranchantCasseurs Flowters
25%
Waste Allocation Load Lifter-Earthclass et Extraterrestrial Vegetation EvaluatorWALL-E et EVE
25%
Cornélius Chesterfield et BlutchLes tuniques bleues
19%
Xavier de Rosnay et Gaspard AugéJustice
18%
Sonny Moore et Thomas PentzJack Ü
7%
Rob Swire et Gareth McGrillenKnife Party
5%
Stefan Gordy et Skyler GordyLMFAO
5%

Distribution des résultats

Percentile par nombre de réponses

% des personnes avec chaque résultat

Votre développement - résultats

Vous n’avez pas pris ce quiz